| 000 | 01012nam a2200217Ia 4500 | ||
|---|---|---|---|
| 001 | 1233 | ||
| 003 | GE_BSU | ||
| 008 | 181216s||||||||xx |||||||||||||| ||und|| | ||
| 040 | _cGE_BSU | ||
| 080 | _a632 | ||
| 100 | _aალექსიძე, აგურამ.მურვანიძე, ავთანდილ. ორჯონიკიძე ესმა. | ||
| 245 | _aამერიკული თეთრი პეპელას(Hyphartria cunea Drury)გამოვლენა და მისი ლიკვიდაციის გზები. | ||
| 245 | _bმეთოდური მითითება. | ||
| 260 | _aთბილისი. | ||
| 260 | _c2009. | ||
| 300 | _a27გვ. 21 სმ.ილ. | ||
| 541 | _h2ლ. | ||
| 653 | _aამერიკული თეთრი პეპელას გამოვლენა და მისი ლიკვიდაციის გზები. | ||
| 653 | _aმეთოდური მითითება | ||
| 942 | _cBK | ||
| 999 |
_c35380 _d35380 |
||